000 00392nam a2200157Ia 4500
008 230524s9999 xx 000 0 und d
082 _a660.602
_bCHU
100 _aS.N.Chugh
_923682
245 0 _aTextbook of Clinical Electrocardiography
250 _a2ND
260 _aNEW DELHI
_bJaypee
_c2006
300 _aXV;619
500 _aQuantity Number: 1
650 _aBiomedical
942 _cBK
999 _c35230
_d35230